000 00703nam a2200253 c 4500
003 BLK
005 20180413122543.0
008 180408b bul|||||r ||||||| ||bul||
010 _aKNG00053175000
020 _a3-411-02939-0
_bиздат.: BI-Taschenbuchverlag
040 _aBLK
041 _aDEU
_cDEU
139 _aDer KUNST Brockhaus
_b
245 1 0 _aDer KUNST Brockhaus
_bBd. 1-10
_nBd. 9
_pSat-Tip
260 Mannheim et al.
_bBI-Taschenbuchverlag
_c1987
300 _c18 cm
380 _a7
760 1 _h352 c
_tBd. 9 Sat-Tip
852 _aЦБ І 28882
856 4 _qpdf
_u
856 4 _qpdf
_u
942 _cKNG
_n0
944 _aCR
_c01.01.1999
_kAB_DOS
944 _aED
_c10.02.2017
_kЛили_Борисова
999 _c49325
_d49325